Cabinet of natural curiosities locupletissimi rerum naturalium thesauri 1734-1765

Bibliographic Details
Main Author: Seba, Albertus, 1665-1736 (Author)
Format: Book
Language:English
German
French
PhysicalDescription:543 s. ilustr. 39 cm
Published: Köln Taschen 2005
ISBN:3822847941
Subjects:

MARC

LEADER 00000nam a2200000 a 4500
001 vtls008885508
003 SK-MaSNL
005 20260301022424.0
008 240314s2005 gw a f 000 0 eng
020 |a 3822847941  |q (viaz.) 
040 |a SNK  |b slo  |c SNK  |e AACR2 
041 0 |a eng  |a ger  |a fre 
044 |a gx  |c DE 
072 7 |a 57/59  |x Biologické vedy  |2 konspekt 
080 |a 592/599  |2 2001 
080 |a 582  |2 2001 
080 |a 069.5  |2 2001 
080 |a 091.07  |2 2001 
080 |a 655.533  |2 2001 
080 |a (084.11)  |2 2001 
080 |a (0.072)  |2 2001 
100 1 |a Seba, Albertus,  |d 1665-1736  |4 aut  |9 313048 
245 1 0 |a Cabinet of natural curiosities  |b locupletissimi rerum naturalium thesauri 1734-1765  |c Albertus Seba 
246 1 1 |a Das Naturalien-kabinet 
246 1 1 |a Le Cabinet des curiosités naturelles 
260 |a Köln  |b Taschen  |c 2005 
300 |a 543 s.  |b ilustr.  |c 39 cm 
546 |a Súbežný názov a text nem. a franc. 
648 7 |a 18. stor.  |2 SNKPH  |9 283423 
648 7 |a 18th century  |2 SNKPHeng  |9 305753 
650 0 7 |a živočíchy  |2 SNKPH  |9 1094 
650 0 7 |a rastliny  |2 SNKPH  |9 690 
650 0 7 |a zbierky  |2 SNKPH  |9 247422 
650 0 7 |a ilustrácie  |2 SNKPH  |9 2743 
650 0 7 |a Plants  |2 SNKPHeng  |9 296405 
650 0 7 |a Collections  |2 SNKPHeng  |9 306410 
650 0 7 |a Animals  |2 SNKPHeng  |9 267568 
650 0 7 |a Illustrations  |2 SNKPHeng  |9 313049 
655 7 |a komentované vydanie  |2 SNKPH  |9 70501 
655 7 |a obrazové publikácie  |2 SNKPH  |9 70343 
655 7 |a faksimile  |2 SNKPH  |9 70487 
655 7 |a Annotaded editions  |2 SNKPHeng  |9 313050 
655 7 |a Pictorial works  |2 SNKPHeng  |9 284468 
655 7 |a Facsimiles  |2 SNKPHeng  |9 313051 
919 |a 3-8228-4794-1 
999 |c 567366  |d 569296 
952 |t snkSEB 592/599(084.2)  |a SNKUST  |b SNKUST  |y PREZ  |7 0  |p 17A0510440  |o snkIA 932  |i snk2006/24870  |8 3  |g 66.06  |0 0  |1 0  |4 0  |d 2006-11-24  |l 0  |r 2025-03-19 00:00:00  |w 2026-02-23